|
|
|
|
| LEADER |
00639 a2200181 4500 |
| 008 |
150103s9999 000 0 eng |
| 020 |
|
|
|a 817036079X
|
| 082 |
0 |
0 |
|a 304.634
|
| 100 |
1 |
|
|a Ramu, G. N.
|
| 245 |
1 |
0 |
|a Family structure and fertility /
|
| 260 |
|
|
|a New Delhi ;
|a Newbury Park, Calif. :
|b Sage Publications,
|c c1988.
|
| 300 |
|
|
|a 174 p.
|
| 500 |
|
|
|a Includes index.
|
| 650 |
|
0 |
|a Family size-India -Kolar
|
| 650 |
|
0 |
|a Fertility, Human
|
| 942 |
|
|
|c BK
|
| 999 |
|
|
|c 302619
|d 302619
|
| 952 |
|
|
|0 0
|1 0
|2 ddc
|4 0
|6 304_634000000000000_RAM_FA
|7 0
|8 FORD
|9 346131
|a DRA
|b DRA
|c ST1
|d 2010-11-08
|i 014F
|l 0
|o 304.634 RAM/FA
|p DRA014F
|r 2010-11-08
|v 175.00
|w 2010-11-08
|y BK
|